[Event "Guarapuava op"]
[Site "Guarapuava"]
[Date "1992.??.??"]
[Round "?"]
[White "Sunye Neto, Jaime"]
[Black "Lehtivaara, Risto"]
[Result "1-0"]
[WhiteElo "2495"]
[BlackElo "2310"]

1.c4 e6 2.Nf3 d5 3.b3 Nf6 4.g3 Bd6 5.Bg2 O-O 6.O-O b6 7.Bb2 Bb7 8.Nc3 c5
9.cxd5 Nxd5 10.d4 Nxc3 11.Bxc3 Nc6 12.dxc5 Bxc5 13.a3 Qe7 14.b4 Rfd8 15.Qc2 Bd6
16.Qb2 e5 17.Rfd1 e4 18.Nh4 Be5 19.b5 Bxc3 20.Qxc3 Ne5 21.Nf5 Qf6 22.Qc7  1-0

[Event "Hamburg op"]
[Site "Hamburg"]
[Date "1992.??.??"]
[Round "2"]
[White "Reschke, Thomas"]
[Black "Luther, Thomas"]
[Result "0-1"]
[WhiteElo "2205"]
[BlackElo "2435"]

1.c4 e6 2.Nf3 d5 3.b3 Be7 4.Bb2 Nf6 5.g3 a5 6.Nc3 c6 7.d4 a4 8.Rc1 Qa5 9.Nd2 a3
10.Ba1 O-O 11.Bg2 b5 12.e4 Nxe4 13.Ncxe4 dxe4 14.Bxe4 Bb4 15.Rc2 bxc4 16.bxc4 Ba6
17.Bd3 Nd7 18.O-O Nf6 19.d5 Qd8 20.Ne4 Nxe4 21.Bxe4 cxd5 22.Qg4 g6 23.Rd1 f5
24.Qf4 fxe4 25.Qe5 Qf6 26.Qxf6 Rxf6 27.Bxf6 Bxc4 28.Rxc4 dxc4 29.Rd7 Bf8
30.Rc7 Rb8 31.Rxc4 e3 32.Rc2 exf2+ 33.Kxf2 Bg7 34.Bxg7 Kxg7 35.Kf3 Rb2 36.Rc3 Rxa2
37.h4 Kf6 38.g4 h6 39.Kf4 Ra1 40.g5+ hxg5+ 41.hxg5+ Ke7  0-1

[Event "Havana-A"]
[Site "Havana"]
[Date "1992.??.??"]
[Round "?"]
[White "Perez, Juan C"]
[Black "Velez, Nestor"]
[Result "1/2-1/2"]
[WhiteElo "2245"]
[BlackElo "2295"]

1.c4 e6 2.Nf3 d5 3.d4 Nf6 4.Nc3 Nbd7 5.cxd5 exd5 6.Bg5 h6 7.Bh4 c6 8.e3 Bd6
9.Bd3 O-O 10.O-O Re8 11.Qc2 Nf8 12.Bg3 Be6  1/2-1/2

[Event "Helsinki op"]
[Site "Helsinki"]
[Date "1992.??.??"]
[Round "2"]
[White "Rotstein, Arkadij"]
[Black "Vladimirov, Evgeny"]
[Result "0-1"]
[WhiteElo "2515"]
[BlackElo "2585"]

1.c4 e6 2.Nf3 d5 3.d4 c5 4.e3 Nc6 5.Nc3 Nf6 6.a3 a6 7.dxc5 Bxc5 8.b4 Bd6
9.Bb2 O-O 10.cxd5 exd5 11.Be2 Be6 12.O-O Qe7 13.Rc1 Rfd8 14.Qc2 Rac8 15.Qb1 b5
16.Rfd1 h6 17.g3 Bb8 18.Rd2 Ba7 19.Nd1 Ne4 20.Rdc2 Qd7 21.Ne5 Nxe5 22.Bxe5 Rxc2
23.Qxc2 Nd6 24.Nb2 d4 25.Bxd4 Bxd4 26.exd4 Nf5 27.Qe4 Nxd4 28.Bf1 Bg4 29.Nd3 Nf3+
30.Kh1 Nd2 31.Qf4 Nxf1 32.Ne5 Qd5+ 33.Kg1 Bh3  0-1

[Event "Helsinki op"]
[Site "Helsinki"]
[Date "1992.??.??"]
[Round "7"]
[White "Lerner, Konstantin Z"]
[Black "Sveshnikov, Evgeny"]
[Result "1/2-1/2"]
[WhiteElo "2530"]
[BlackElo "2525"]

1.c4 e6 2.Nf3 d5 3.b3 Be7 4.Bb2 Bf6 5.Qc2 Bxb2 6.Qxb2 Nf6 7.e3 O-O 8.Be2 c5
9.O-O b6 10.Rd1 Bb7 11.d4 cxd4 12.Nxd4 Qe7 13.cxd5 Nxd5 14.Nc3 Nxc3 15.Qxc3 Rc8
16.Qb2 Nc6 17.Nb5 Rd8 18.Bf3 a6 19.Nd4 Nxd4 20.Bxb7 Qxb7  1/2-1/2

[Event "Holguin"]
[Site "Holguin"]
[Date "1992.??.??"]
[Round "?"]
[White "Paneque, Pedro"]
[Black "Leyva, Hector"]
[Result "1-0"]
[WhiteElo "2375"]
[BlackElo "2295"]

1.c4 e6 2.Nf3 d5 3.b3 Nf6 4.g3 Bd6 5.Bg2 O-O 6.O-O c6 7.Bb2 Nbd7 8.Nc3 Qe7
9.Rc1 Nb6 10.d3 e5 11.cxd5 Nbxd5 12.Nd2 Nxc3 13.Bxc3 Ba3 14.Rb1 Nd5 15.Ba1 f6
16.Nc4 Bc5 17.Qc2 Be6 18.Rbc1 Nb4 19.Qb1 Bd5 20.e4 Bxc4 21.dxc4 a5 22.Rcd1 Rfd8
23.Bc3 b6 24.Bf3 Na6 25.Rxd8+ Rxd8 26.Rd1 Bb4 27.Bb2 Kf8 28.Kf1 Rxd1+ 29.Qxd1 Qd6
30.a3 Bc5 31.Qxd6+ Bxd6 32.Bd1 Nc5 33.Bc2 Ne6 34.Bd1 Ke7 35.Bc1 Kd8 36.h4 Kc7
37.Ke2 Bc5 38.f4 Bd4 39.h5 h6 40.Kf3 Bc3 41.Kg4 Kd6 42.Be3 c5 43.Kf5 Ke7
44.Kg6 Kf8 45.Bg4 Nd4 46.Bd1 Nc6 47.Kf5 Kf7 48.a4 Bd4 49.Bd2 Bf2 50.Kg4 Nd4
51.Bc3 f5+ 52.exf5 e4 53.Kh3 Nxf5 54.g4 Bd4 55.Be1 Ne3 56.Be2 Nc2 57.Bh4 Bf6
58.g5 hxg5 59.fxg5 Be5 60.g6+ Ke8 61.Bg5 Nd4 62.Bg4 Nxb3 63.Bf5 Nd4 64.Bxe4 Ne6
65.Bc6+ Kf8 66.Bh4 Bc3 67.Kg4 Bd2 68.Bd7 Nf4 69.Bg5 Nd3 70.Bxd2 Ne5+ 71.Kf5 Nxd7
72.Ke6 Nf6 73.h6 Kg8 74.Bc3 Nh5 75.h7+ Kh8 76.Kf7  1-0

[Event "Imperia op"]
[Site "Imperia"]
[Date "1992.??.??"]
[Round "?"]
[White "Sarno, Spartaco"]
[Black "Arlandi, Ennio"]
[Result "1-0"]
[WhiteElo "2405"]
[BlackElo "2420"]

1.c4 e6 2.Nf3 d5 3.b3 Nf6 4.g3 Be7 5.Bg2 O-O 6.O-O d4 7.Bb2 c5 8.b4 Qb6 9.Qc2 Rd8
10.bxc5 Bxc5 11.d3 Nc6 12.Nbd2 e5 13.Rab1 Qc7 14.Ng5 Be7 15.Nge4 Ne8 16.c5 f5
17.Qb3+ Kh8 18.Nd6 Nxd6 19.cxd6 Bxd6 20.Rfc1 Rb8 21.Ba3 Bd7 22.Nc4 Bf8 23.Bxf8 Rxf8
24.Qa3 Rf6 25.Bxc6 Rxc6 26.Na5 Rc3 27.Rxc3 dxc3 28.Rxb7 Qc8 29.Rxb8 Qxb8
30.Qxc3 h6 31.a3 f4 32.Qb4 Qc7 33.Nc4 fxg3 34.hxg3 Bg4 35.f3 Be6 36.Qa5 Qd7
37.Qxe5 Bxc4 38.dxc4 Qa4 39.Qb8+ Kh7 40.Qb1+  1-0

[Event "Kecskemet2"]
[Site "Kecskemet"]
[Date "1992.??.??"]
[Round "2"]
[White "Stajcic, Nikola"]
[Black "Blatny, Pavel"]
[Result "1-0"]
[WhiteElo "2300"]
[BlackElo "2515"]

1.c4 e6 2.Nf3 d5 3.b3 Be7 4.Bb2 Bf6 5.Qc2 dxc4 6.bxc4 c5 7.g3 Nc6 8.Bg2 Nb4
9.Qb3 a5 10.Bc3 a4 11.Qb2 a3 12.Qc1 Qa5 13.O-O Bxc3 14.Nxc3 Ne7 15.d3 O-O
16.Nd2 Qb6 17.Nb5 Bd7 18.Nxa3 Ra4 19.Nb5 Nxa2 20.Qb2 Rfa8 21.Rfb1 Bc6 22.Ne4 Bxe4
23.Bxe4 Nc6 24.Bxc6 bxc6 25.Nd6 Rb4 26.Qc2 Rxb1+ 27.Rxb1 Nb4 28.Qd2 Ra4 29.Qg5 Ra8
30.Qe7 Qa7 31.Qxa7 Rxa7 32.Ne4 Ra5 33.Nxc5 Rxc5 34.Rxb4 g6 35.Ra4  1-0

[Event "Komotini op"]
[Site "Komotini"]
[Date "1992.??.??"]
[Round "?"]
[White "Zaichik, Gennadi"]
[Black "Conquest, Stuart"]
[Result "1/2-1/2"]
[WhiteElo "2475"]
[BlackElo "2495"]

1.Nf3 e6 2.c4 d5 3.d4 c6 4.Qc2 Nd7 5.g3 Ngf6 6.Bg2 b6 7.O-O Ba6 8.b3 Rc8
9.Rd1 c5 10.Nc3 cxd4 11.Nxd4 Bb4 12.Bb2 O-O 13.Rac1 Re8 14.cxd5 Nxd5 15.Nxd5 Rxc2
16.Rxc2 exd5 17.Nc6 Qg5 18.Nxb4 Rxe2 19.h4 Qg4 20.Rd4 Qf5 21.Rf4 Qxc2 22.Nxc2 Rxc2
23.Bxd5 Rxb2 24.Rxf7 Bb7 25.Rxd7+ Bxd5 26.Rxd5 Rxa2 27.Rd7 h5 28.Kg2 Kh7
29.b4 a5 30.bxa5 Rxa5 31.Rb7 Rb5 32.Kf3 Rb2 33.Ke3 Kg6 34.Rc7 Kf6 35.Rc4 g6
36.Rc8 Kf5 37.Kf3 Rb3+ 38.Kg2 b5 39.Rb8 b4 40.Rb5+ Kf6 41.Rb6+ Kf5 42.Rb5+ Ke4
43.Rb6 Kd4 44.Rxg6 Rc3 45.g4 Rc5 46.Rb6 Kc3 47.g5 b3 48.f4 Rc4 49.Kf3 Rb4
50.Rc6+ Kd2 51.Rd6+ Ke1 52.Re6+ Kf1 53.Rd6 Ke1 54.Re6+ Kf1  1/2-1/2

[Event "Ladenburg BM"]
[Site "Ladenburg"]
[Date "1992.??.??"]
[Round "4"]
[White "Preiss, Martin"]
[Black "Raupp, Thomas"]
[Result "1/2-1/2"]
[WhiteElo "2275"]
[BlackElo "2345"]

1.c4 e6 2.Nf3 d5 3.g3 Nf6 4.Bg2 dxc4 5.Qa4+ Nbd7 6.Qxc4 c5 7.Qb3 Qb6 8.Qc2 Be7
9.Na3 O-O 10.Nc4 Qa6 11.O-O b5 12.Nce5 Nxe5 13.Nxe5 Bb7 14.Bxb7 Qxb7 15.b3 Rfd8
16.d3 Nd5 17.Bb2 f6 18.Nf3 Nb4 19.Qd1 e5 20.Nd2 Rac8 21.a3 Nc6 22.Rc1 Nd4
23.Bxd4 cxd4 24.b4 Rxc1 25.Qb3+ Kf8 26.Rxc1 Rc8 27.Rc2 Rc7 28.Ne4 Qc8 29.Nc5 Bxc5
30.bxc5 a6 31.a4 Qd7 32.Qa3 Qc6 33.axb5 axb5 34.f3 g6 35.Kg2  1/2-1/2

[Event "Ljubljana Iskra"]
[Site "Ljubljana"]
[Date "1992.??.??"]
[Round "?"]
[White "Sifrer, Darko"]
[Black "Jelen, Iztok"]
[Result "1/2-1/2"]
[WhiteElo "2355"]
[BlackElo "2425"]

1.c4 e6 2.Nf3 d5 3.g3 dxc4 4.Qa4+ Nd7 5.Bg2 Nf6 6.Qxc4 c5 7.Qb3 Rb8 8.Nc3 a6
9.d3 Bd6 10.Ng5 b5 11.O-O Qb6 12.a4 O-O 13.axb5 axb5 14.Be3 Bb7 15.Nge4 Nxe4
16.Nxe4 Be5 17.Rfc1 Rfc8 18.f4 Bf6 19.Nxf6+ gxf6 20.Bxb7 Qxb7 21.Ra5 Qc6
22.Ra7 Rb7 23.Rxb7 Qxb7 24.Qa3 c4 25.dxc4 Rxc4 26.Rd1 b4 27.Qd3 Rc7 28.Qd6 Kg7
29.Rd4 Nc5 30.f5 Ne4 31.Qxb4 Qxb4 32.Rxb4 exf5 33.Rb8 Rd7 34.Rc8 Rd1+ 35.Kg2 Re1
36.Rc2 Kf8 37.Bc1 Rd1 38.b4 Nd6 39.Bf4 Nb5 40.Rc5 Nd6 41.b5 Ne4 42.Rc1 Rd5
43.Rc8+ Kg7 44.b6 Rb5 45.Be3 Rb2 46.Kf3 h5 47.Bd4 Rb4 48.Ke3 Rb3+ 49.Kf4 Ng5
50.Kxf5 Rb5+ 51.Rc5 Rxb6 52.Bxf6+ Rxf6+ 53.Kxg5 Rf2 54.h4 Rxe2 55.Kxh5 Re6
56.Rg5+ Kh7 57.Kg4 Ra6 58.Kf5 Rb6 59.Rg4 Ra6 60.Re4 Kg7 61.g4 Rf6+ 62.Kg5 Rg6+
63.Kf4 Rf6+ 64.Kg3 Ra6 65.h5 Ra1 66.Kf4 Rf1+ 67.Kg5 f6+ 68.Kh4 f5 69.gxf5  1/2-1/2

[Event "Ljubljana op"]
[Site "Ljubljana"]
[Date "1992.??.??"]
[Round "3"]
[White "Ivacic, Vladimir"]
[Black "Jelen, Igor"]
[Result "1/2-1/2"]
[WhiteElo "2305"]
[BlackElo "2340"]

1.c4 e6 2.Nf3 d5 3.g3 c5 4.cxd5 exd5 5.d4 Nc6 6.Nc3 Nf6 7.Bg2 Be7 8.O-O O-O
9.dxc5 Bxc5 10.Bg5 d4 11.Bxf6 Qxf6 12.Nd5 Qd8 13.Nd2 a6 14.Rc1 Ba7 15.Nf4 Rb8
16.Nb3 Qd6 17.Qd2 Re8 18.Rfe1 Bd7 19.a3 h6 20.Nd3 Be6 21.Nbc5 Bd5 22.Qf4 Qxf4
23.Nxf4 Bxg2 24.Kxg2 Bxc5 25.Rxc5 Rbd8 26.Kf1 Kf8 27.b4 Re5 28.Nd3 Re7 29.Rd1 Ke8
30.a4 f6 31.b5 axb5 32.axb5 Ne5 33.Nb4 Red7 34.Nd3 Nxd3 35.Rxd3 Rd5 36.Rc7 R8d7
37.Rc8+ Rd8 38.Rc7 R8d7 39.Rc8+ Rd8  1/2-1/2

[Event "Manila ol (Women)"]
[Site "Manila"]
[Date "1992.??.??"]
[Round "?"]
[White "O'Siochru, Mairead Maura"]
[Black "Flear, Christine"]
[Result "1/2-1/2"]
[WhiteElo "2100"]
[BlackElo "2210"]

1.c4 e6 2.Nf3 d5 3.b3 Be7 4.Bb2 Nf6 5.g3 O-O 6.Bg2 Nbd7 7.O-O b6 8.Nc3 Bb7
9.cxd5 exd5 10.d4 c5 11.e3 Ba6 12.Re1 Rc8 13.Rc1 Re8 14.Nh4 Bb7 15.Nf5 cxd4
16.exd4  1/2-1/2

[Event "Manila ol (Men)"]
[Site "Manila"]
[Date "1992.??.??"]
[Round "?"]
[White "Ubilava, Elizbar"]
[Black "Serper, Grigory"]
[Result "0-1"]
[WhiteElo "2560"]
[BlackElo "2540"]

1.c4 e6 2.Nf3 d5 3.d4 Nf6 4.Bg5 Bb4+ 5.Nc3 Nbd7 6.e3 c5 7.cxd5 exd5 8.Bd3 Qa5
9.Qc2 c4 10.Bf5 O-O 11.O-O Re8 12.Bh4 g6 13.Bh3 Bxc3 14.bxc3 Ne4 15.Rfc1 Nb6
16.Bxc8 Raxc8 17.Ne5 Re6 18.f3 Nd6 19.a4 Kg7 20.Re1 Rce8 21.e4 dxe4 22.fxe4 f5
23.exf5 Nxf5 24.Bg5 Qd5 25.Qf2 h6 26.Bf4 h5 27.h3 Rf6 28.g4 hxg4 29.hxg4 Rh8
30.Nf3 Rh3 31.Nh2 Ng3 32.Qf3 Rxf4 33.Re7+ Rf7 34.Qxf7+ Qxf7 35.Rxf7+ Kxf7
36.Kg2 Rxh2+ 37.Kxh2 Ne2  0-1

[Event "Manila ol (Men)"]
[Site "Manila"]
[Date "1992.??.??"]
[Round "?"]
[White "Sunye Neto, Jaime"]
[Black "Garcia, Gildardo"]
[Result "1-0"]
[WhiteElo "2510"]
[BlackElo "2485"]

1.c4 e6 2.Nf3 d5 3.b3 Nf6 4.g3 Be7 5.Bg2 O-O 6.O-O b6 7.Bb2 Bb7 8.e3 Ne4
9.Qc2 Bf6 10.Ne5 c5 11.d3 Nd6 12.Rd1 Nd7 13.Nxd7 Bxb2 14.Qxb2 Qxd7 15.cxd5 Bxd5
16.e4 Bb7 17.Nc3 e5 18.b4 Rac8 19.bxc5 Rxc5 20.d4 exd4 21.Rxd4 Qe6 22.Rad1 Nc4
23.Qe2 Ne5 24.Nd5 h6 25.f4 Nc6 26.R4d2 Na5 27.e5 Kh8 28.Qf2 Rd8 29.Ne3 Rxd2
30.Qxd2 Bxg2 31.Kxg2 Qc8 32.Qd8+ Qxd8 33.Rxd8+ Kh7 34.Kg1 Nc4 35.Nxc4 Rxc4
36.Rd7 Ra4 37.Rxf7 Rxa2 38.f5 Kg8 39.e6 a5 40.Rb7 Kf8 41.Rb8+ Ke7 42.Rg8 Re2
43.Rxg7+ Kd6 44.Kf1 Re4 45.Kf2 a4 46.Kf3 Re1 47.Kf4 b5 48.Ra7 Re2 49.g4 Re1
50.h4 Rf1+ 51.Kg3 h5 52.e7 Re1 53.f6  1-0

[Event "Manila ol (Men)"]
[Site "Manila"]
[Date "1992.??.??"]
[Round "?"]
[White "Johansen, Darryl K"]
[Black "Salazar, Hernan"]
[Result "1/2-1/2"]
[WhiteElo "2485"]
[BlackElo "2380"]

1.c4 e6 2.Nf3 d5 3.g3 Nf6 4.Bg2 c5 5.O-O Be7 6.cxd5 exd5 7.d4 O-O 8.Nc3 Nc6
9.dxc5 Bxc5 10.b3 Re8 11.Na4 Bf8 12.Bb2 Bg4 13.h3 Bf5 14.Rc1 Ne4 15.Nc3 Nxc3
16.Bxc3 Ba3 17.Ra1 Qd7 18.Kh2 Bc5 19.e3 Be4 20.Qd2 Qe7 21.Rad1 Rad8 22.Qb2 f6
23.Rd2 h5 24.Rfd1 Ba3 25.Qa1 Bd6 26.Kg1 Bc5 27.Nh4 Qe6 28.Nf3 Rd7 29.h4 Qf5
30.Nd4 Bxd4 31.Bxd4 Bxg2 32.Kxg2 Qe4+ 33.Kg1 Qf3 34.Qb1 Re4 35.Bb2 Ne7 36.Rd4 Nf5
37.Rxe4 Nxg3 38.fxg3 Qxg3+ 39.Kf1 Qf3+ 40.Kg1 Qg3+ 41.Kf1 Qf3+ 42.Kg1  1/2-1/2

[Event "Manila ol (Men)"]
[Site "Manila"]
[Date "1992.??.??"]
[Round "?"]
[White "Rasmussen, Karsten"]
[Black "Soppe, Guillermo"]
[Result "1/2-1/2"]
[WhiteElo "2450"]
[BlackElo "2440"]

1.c4 e6 2.Nf3 d5 3.b3 Nf6 4.g3 Be7 5.Bg2 a5 6.O-O O-O 7.d3 a4 8.Na3 Nbd7
9.Nc2 axb3 10.axb3 Rxa1 11.Nxa1 c6 12.Bb2 b5 13.Nc2 Bb7 14.cxd5 cxd5 15.Qd2 Nc5
16.Ncd4 Qb6 17.Ra1 b4 18.Qd1 Nfd7 19.Nd2 Bf6 20.Qb1 h6 21.N4f3 Bc3 22.Ra2 e5
23.e3 e4 24.dxe4 dxe4 25.Nc4 Qf6 26.Nd4 Nd3 27.Bxc3 bxc3 28.Qa1 Bd5 29.Qxc3 Rc8
30.Bh3 Rd8 31.Bxd7 Rxd7 32.Qa5 Rd8 33.Qb6 Be6 34.Qb7 Nc5 35.Qb6 Nd3 36.Qb7 Nc5
37.Qb6  1/2-1/2

[Event "Mlada Boleslav op"]
[Site "Mlada Boleslav"]
[Date "1992.??.??"]
[Round "9"]
[White "Pala, Vladimir"]
[Black "Spesny, Jan"]
[Result "1/2-1/2"]
[WhiteElo "2275"]
[BlackElo "2335"]

1.c4 e6 2.Nf3 d5 3.g3 Nf6 4.Bg2 Be7 5.O-O O-O 6.d4 dxc4 7.Qc2 a6 8.Qxc4 b5
9.Qc2 Bb7 10.Bf4 Nd5 11.Bd2 Nd7 12.Ba5 Qb8 13.e4 N5f6 14.Nbd2 c5 15.dxc5 Nxc5
16.e5  1/2-1/2

[Event "Moscow Tal mem"]
[Site "Moscow"]
[Date "1992.??.??"]
[Round "?"]
[White "Razuvaev, Yuri S"]
[Black "Yakovich, Yuri"]
[Result "1/2-1/2"]
[WhiteElo "2565"]
[BlackElo "2520"]

1.c4 e6 2.Nf3 d5 3.d4 c6 4.Qc2 Nf6 5.g3 dxc4 6.Qxc4 b5 7.Qb3 Bb7 8.Bg2 Nbd7
9.O-O a6 10.a4 c5 11.axb5 Bd5 12.Qd1 axb5 13.Rxa8 Qxa8 14.dxc5 Bxc5 15.Nc3 Bc6
16.Ne1  1/2-1/2

[Event "Munich op9192"]
[Site "Munich"]
[Date "1992.??.??"]
[Round "6"]
[White "Titz, Heimo"]
[Black "Bachmayr, Peter"]
[Result "1-0"]
[WhiteElo "2290"]
[BlackElo "2365"]

1.c4 e6 2.Nf3 d5 3.d4 c5 4.cxd5 exd5 5.Nc3 Nc6 6.g3 Nf6 7.Bg2 Be7 8.O-O O-O
9.Bg5 c4 10.Ne5 Be6 11.e3 Nd7 12.Bxe7 Nxe7 13.Qd2 Rc8 14.Rad1 f6 15.Nxd7 Qxd7
16.e4 Rfd8 17.Rfe1 b6 18.Re3 dxe4 19.Rxe4 Nd5 20.Rde1 Nxc3 21.bxc3 Re8 22.d5 Bf7
23.d6 Rxe4 24.Rxe4 Rd8 25.Rd4 b5 26.h4 Kf8 27.Kh2 Be6 28.Qe2 Bf5 29.Bc6 Bd3
30.Qe3 Qf7 31.Bxb5 a6 32.Bc6 f5 33.Qg5 Qf6 34.Qxf6+ gxf6 35.Kg2 Kf7 36.Kf3 Ke6
37.d7 Ke7 38.Ke3 Ke6 39.a3 Ke7 40.a4 a5 41.Bb5 Ke6 42.Bxc4+ Bxc4 43.Rxc4 Rxd7
44.Rc6+ Kf7 45.Rc5 Re7+ 46.Kd3 Kg6 47.Rxa5 Rd7+ 48.Kc2 f4 49.h5+ Kh6 50.Rf5 fxg3
51.fxg3 Kg7 52.g4 Ra7 53.a5 Re7 54.a6  1-0

[Event "CZE-ch U20"]
[Site "Neratovice"]
[Date "1992.??.??"]
[Round "?"]
[White "Jirovsky, Milos"]
[Black "Trefny, Vlastimil"]
[Result "1-0"]
[WhiteElo "2570"]
[BlackElo "2210"]

1.c4 e6 2.Nf3 d5 3.g3 Nf6 4.Bg2 Bd6 5.d4 c6 6.Qc2 O-O 7.O-O Nbd7 8.Nc3 dxc4
9.e4 e5 10.Rd1 exd4 11.Nxd4 Ne5 12.b3 Bg4 13.Nce2 Qb6 14.bxc4 Bc5 15.Be3 Rad8
16.Rab1 Qa6 17.Nf5 Bxe3 18.Nxe3 Be6 19.c5 Nc4 20.Nxc4 Bxc4 21.Nd4 Rfe8 22.Rb4 Be6
23.Ra4  1-0

[Event "Nettetal"]
[Site "Nettetal"]
[Date "1992.??.??"]
[Round "2"]
[White "Winants, Luc"]
[Black "Van der Sterren, Paul"]
[Result "0-1"]
[WhiteElo "2515"]
[BlackElo "2535"]

1.c4 e6 2.Nf3 d5 3.b3 Nf6 4.g3 Be7 5.Bg2 O-O 6.O-O b6 7.Bb2 Bb7 8.e3 Nbd7
9.d3 c5 10.Qe2 Qc7 11.Nc3 Rad8 12.Rac1 Qb8 13.a3 Rfe8 14.Rfd1 e5 15.e4 d4
16.Nd5 Nxd5 17.cxd5 b5 18.Ra1 Nb6 19.a4 bxa4 20.bxa4 a5 21.Bc1 c4 22.dxc4 Ba6
23.Nxe5 Qxe5 24.Bf4 Qf6 25.e5 Bc5 26.Qe1 Qf5 27.Qxa5 Qc8 28.Bh3 Qxh3 29.Qxa6 Nd7
30.Re1 d3 31.Qa5 Rb8 32.e6 Nf6 33.g4 Bxf2+ 34.Kxf2 Rb2+  0-1

[Event "NOR-chT east"]
[Site "NOR"]
[Date "1992.??.??"]
[Round "2"]
[White "Lauvas, Dag"]
[Black "Hatlebakk, Einar"]
[Result "0-1"]
[WhiteElo "2220"]
[BlackElo "2300"]

1.c4 e6 2.Nf3 d5 3.g3 Nf6 4.Bg2 Be7 5.O-O O-O 6.d4 dxc4 7.Ne5 Nbd7 8.Nxc4 c5
9.dxc5 Bxc5 10.Nc3 a6 11.Bf4 Qe7 12.Bd6 Bxd6 13.Qxd6 Qxd6 14.Nxd6 Rb8 15.Rfd1 b5
16.Rac1 Nb6 17.b4 e5 18.Nce4 Nxe4 19.Nxe4 Be6 20.Nc5 Bxa2 21.Nxa6 Rbd8 22.e3 Bc4
23.Bf1 g6 24.Nc7 Rxd1 25.Rxd1 Rc8 26.Nxb5 Bxf1 27.Kxf1 Rc4 28.Rd8+ Kg7 29.Nd6 Rxb4
30.Ne8+ Kh6 31.Kg2 Kg5 32.Rd6 f5 33.h4+ Kh6 34.Re6 e4 35.Re7 Nd5 36.Rd7 Rb8
37.Nd6 Nf6 38.Rf7 Ng4 39.Rc7 Rb2 40.Nf7+ Kh5 41.Ng5 Nxf2 42.Nxh7 Ng4+ 43.Kg1 Rb1+
44.Kg2 Nxe3+ 45.Kf2 Ng4+ 46.Ke2 Rb2+ 47.Ke1 f4 48.gxf4 Kxh4 49.Ng5 e3 50.Ne4 Nf2
51.Nxf2 Rxf2 52.Re7 Rxf4 53.Rxe3 g5 54.Ra3 g4 55.Ke2 Rf8 56.Rb3 g3 57.Rb7 Kh3
58.Rh7+ Kg2  0-1

[Event "NOR-chT east"]
[Site "NOR"]
[Date "1992.??.??"]
[Round "2"]
[White "Gausel, Einar"]
[Black "Kristiansen, Tor"]
[Result "1-0"]
[WhiteElo "2445"]
[BlackElo "2235"]

1.Nf3 e6 2.c4 d5 3.d4 c6 4.Qc2 f5 5.Bf4 Nf6 6.e3 Bd6 7.Bxd6 Qxd6 8.Bd3 O-O
9.O-O Nbd7 10.Nbd2 Ne4 11.Rac1 Rf6 12.Rfd1 Rh6 13.Nf1 Nf8 14.Ne5 Bd7 15.cxd5 exd5
16.f3 Nf6 17.Nxd7 N6xd7 18.Bxf5 Re8 19.e4 Ne6 20.e5 Qe7 21.Bxe6+ Qxe6 22.f4 Rf8
23.g3 Rg6 24.Kh1 Qh3 25.Qe2 h5 26.Rc2 h4 27.Qg2 Qe6 28.Rf2 hxg3 29.Nxg3 Qg4
30.Rdf1 Qh4 31.Qf3 Rg4 32.Ne2 Rf5 33.Rg2 Rxg2 34.Qxg2 Nf8 35.Rg1 Rf7 36.f5 Qh5
37.e6 Rc7 38.Rf1 Kh8 39.Nf4  1-0

[Event "Ontario"]
[Site "Ontario"]
[Date "1992.??.??"]
[Round "?"]
[White "Spraggett, Grant"]
[Black "Polacek, Jozef"]
[Result "1/2-1/2"]
[WhiteElo "2275"]
[BlackElo "2250"]

1.c4 e6 2.Nf3 d5 3.b3 c5 4.Bb2 Nc6 5.e3 a6 6.g3 Nf6 7.Bg2 Be7 8.O-O O-O 9.d3 Qc7
10.Nc3 Rd8 11.Qe2 d4 12.exd4 cxd4 13.Nb1 e5 14.Nbd2 Bb4 15.Ne4 Nxe4 16.Qxe4 Be7
17.a3 a5 18.Nd2 Be6 19.Rab1 Re8 20.Bc1 Rad8 21.Qe1 h6 22.Ne4 f5 23.Nd2 e4
24.dxe4 d3 25.Bb2 f4 26.Nf3 fxg3 27.hxg3 Bc5 28.e5 Bf5 29.Qd2 Bg4 30.Qf4 Be6
31.Nd2 Rf8 32.Qe4 Qf7 33.Qe1 Nd4 34.Bxd4 Bxd4 35.Nf3 Bb6 36.Nh2 d2 37.Qe2 Bxf2+
38.Rxf2 Qxf2+ 39.Qxf2 d1=Q+ 40.Rxd1 Rxd1+ 41.Nf1 Rxf2 42.Kxf2 b6 43.Be4 Kf7
44.a4 Rd8 45.Ne3 Rb8 46.Kf3 Ke7 47.Nd5+ Kd7 48.Ke3 Kd8 49.Nf4 Bg4 50.Bc6  1/2-1/2

[Event "Oslo"]
[Site "Oslo"]
[Date "1992.??.??"]
[Round "1"]
[White "Greenfeld, Alon"]
[Black "Groenn, Atle"]
[Result "1/2-1/2"]
[WhiteElo "2520"]
[BlackElo "2310"]

1.Nf3 e6 2.c4 d5 3.g3 Nf6 4.b3 Be7 5.Bg2 O-O 6.O-O c5 7.Bb2 Nc6 8.e3 d4 9.exd4 cxd4
10.Re1 Re8 11.Na3 Bf8 12.Nc2 e5 13.d3 Qc7 14.a3 a5 15.Qd2 Rb8 16.Rac1 Qb6
17.b4 axb4 18.axb4 Bxb4 19.Nxb4 Qxb4 20.Rxe5 Qxd2 21.Rxe8+ Nxe8 22.Nxd2 Bf5
23.Ne4 Nf6 24.Nc5 b6 25.Na6 Rc8 26.Bxc6 Rxc6 27.Bxd4 Nd7 28.Re1 f6 29.Bb2 Bxd3
30.Nb4 Rd6 31.Rd1 Nc5 32.f3 Rd7 33.Nxd3 Rxd3 34.Rxd3 Nxd3 35.Bd4 Kf7 36.f4 Nc5
37.Kf2 Ke6 38.g4 g6 39.h3 f5 40.Kf3  1/2-1/2

[Event "Oviedo rapid45"]
[Site "Oviedo"]
[Date "1992.??.??"]
[Round "7"]
[White "Renet, Olivier"]
[Black "Bronstein, David I"]
[Result "1-0"]
[WhiteElo "2495"]
[BlackElo "2465"]

1.c4 e6 2.Nf3 d5 3.g3 Nf6 4.Bg2 Nbd7 5.b3 a5 6.Nc3 c6 7.O-O Be7 8.Qc2 O-O
9.d4 b6 10.e4 Ba6 11.Nd2 Rc8 12.Re1 c5 13.dxc5 d4 14.Na4 Nxc5 15.Nxc5 Bxc5
16.Qd3 e5 17.Bh3 Rb8 18.Nf3 Re8 19.Bg5 b5 20.Nd2 Bb4 21.Red1 h6 22.Bxf6 Qxf6
23.Rac1 Bc3 24.Bd7 bxc4 25.bxc4 Red8 26.Bb5  1-0

[Event "Pardubice op"]
[Site "Pardubice"]
[Date "1992.??.??"]
[Round "6"]
[White "Panchenko, Alexander N"]
[Black "Moroz, Alexander"]
[Result "1/2-1/2"]
[WhiteElo "2465"]
[BlackElo "2420"]

1.c4 e6 2.Nf3 d5 3.g3 dxc4 4.Qa4+ Nd7 5.Bg2 a6 6.Qxc4 b5 7.Qc2 Bb7 8.a4 Ngf6
9.axb5 axb5 10.Rxa8 Bxa8 11.O-O c5 12.Na3 Qb6 13.Qb3 Bc6 14.Nh4 Nd5 15.d3 b4
16.Nc4 Qa6 17.Ne3 Nxe3 18.Bxe3 Bxg2 19.Kxg2 Be7 20.Nf3 O-O 21.Rc1 h6 22.Nd2 Ra8
23.Ne4 Qa2 24.Qc2 Qd5 25.f3 Ra2 26.Bxc5 b3 27.Qc3 Nxc5 28.Nxc5 Bf6 29.Qxb3 Rxb2
30.Qxd5 exd5 31.Kf1 Bd4 32.Na4 Rb3 33.f4 g5 34.fxg5 hxg5 35.g4 Rb4 36.Nc3 Bxc3
37.Rxc3 Rxg4 38.Rc5 d4 39.h3 Rf4+ 40.Kg2 f6 41.Rc7 Kf8  1/2-1/2

[Event "Paris-ch"]
[Site "Paris"]
[Date "1992.??.??"]
[Round "7"]
[White "Rotstein, Arkadij"]
[Black "Flear, Glenn C"]
[Result "1-0"]
[WhiteElo "2410"]
[BlackElo "2495"]

1.c4 e6 2.Nf3 d5 3.g3 Nf6 4.Bg2 Be7 5.O-O O-O 6.b3 c5 7.e3 Nc6 8.Bb2 d4 9.exd4 cxd4
10.Re1 Ne8 11.d3 f6 12.Ba3 e5 13.Bxe7 Qxe7 14.a3 a5 15.Nbd2 Nc7 16.Ne4 Bd7
17.h4 f5 18.Ned2 Qf6 19.b4 axb4 20.axb4 Rxa1 21.Qxa1 Re8 22.b5 Nd8 23.Qa7 Qd6
24.Kh2 b6 25.Rxe5 Nde6 26.c5 bxc5 27.Nc4 Qe7 28.b6 Nb5 29.Qb7 Qf7 30.Rd5 Bc8
31.Qc6 Nc3 32.Nd6 Bd7 33.Qb7 Qe7 34.Nxf5 Qf6 35.Qxd7 Rd8 36.Qxe6+  1-0

[Event "World op"]
[Site "Philadelphia"]
[Date "1992.??.??"]
[Round "8"]
[White "Meyer, E."]
[Black "Machulsky, Anatoly D"]
[Result "1-0"]
[WhiteElo "2470"]
[BlackElo "2560"]

1.c4 e6 2.Nf3 d5 3.b3 Nf6 4.Bb2 c5 5.e3 Nc6 6.cxd5 exd5 7.Bb5 Bd6 8.d4 O-O
9.dxc5 Bxc5 10.O-O Bg4 11.Nbd2 Qe7 12.Bxc6 bxc6 13.Qc2 Rac8 14.Ng5 g6 15.Bxf6 Qxf6
16.Nxh7 Kxh7 17.Qxc5 a6 18.Rac1 Rfe8 19.Rfe1 Qg5 20.Rc4 Bh3 21.g3 Kg8 22.Rh4 Bd7
23.Ne4 Qxh4 24.gxh4 dxe4 25.h5 Bg4 26.hxg6 fxg6 27.Kg2 Bf3+ 28.Kg3 Kh7 29.Rc1 Kh6
30.h4 Re6 31.Qg5+ Kg7 32.Rc4 Rf8 33.Rb4 Rf7 34.Rb8 Ref6 35.Qe5 Bh5 36.f4  1-0

[Event "Polanica Zdroj op"]
[Site "Polanica Zdroj"]
[Date "1992.??.??"]
[Round "6"]
[White "Jasnikowski, Zbigniew"]
[Black "Matlak, Marek"]
[Result "1-0"]
[WhiteElo "2450"]
[BlackElo "2440"]

1.c4 e6 2.Nf3 d5 3.d4 Nf6 4.Nc3 Nbd7 5.Bg5 Be7 6.e3 h6 7.Bh4 O-O 8.Rc1 c6
9.Bd3 b6 10.cxd5 exd5 11.O-O Bb7 12.Ne5 Nxe5 13.dxe5 Nd7 14.Bg3 Bh4 15.Bxh4 Qxh4
16.f4 Qe7 17.Qh5 Rfe8 18.Rf3 Nf8 19.g4 f6 20.exf6 Qxf6 21.g5 Qf7 22.Qxf7+ Kxf7
23.gxh6 gxh6 24.Kf2 Ne6 25.Rh3 Rh8 26.Ne2 Rag8 27.Ng3 Nc5 28.Bf5 Bc8 29.Rh5 a5
30.Kf3 Bxf5 31.Rxf5+ Ke6 32.Re5+ Kd7 33.Rd1 Re8 34.Rh5 Kc7 35.Nf5 Re6 36.Rg1 b5
37.Rg7+ Kb6 38.Nd4 Rd6 39.Re5 Nd3 40.Ree7 Rb8 41.b3 c5 42.Nf5 Rf6 43.Rd7 Kc6
44.Ra7 Kb6 45.Rad7 Kc6 46.Rc7+ Kb6 47.Ne7 Rxf4+ 48.exf4 Kxc7 49.Nxd5+ Kd6
50.Ne3 Rf8 51.f5 Ke5 52.Rd7 Nb4  1-0

[Event "Porz op28"]
[Site "Porz"]
[Date "1992.??.??"]
[Round "3"]
[White "Jankovskis, Guntis"]
[Black "Stanetzek, Carsten"]
[Result "1/2-1/2"]
[WhiteElo "2270"]
[BlackElo "2205"]

1.Nf3 e6 2.c4 d5 3.g3 c6 4.Bg2 Bd6 5.O-O Nf6 6.b3 O-O 7.d4 Nbd7 8.Nc3 Qe7
9.Bb2 Ne4 10.Nxe4 dxe4 11.Nd2 f5 12.e3 e5 13.Re1 Nf6 14.Qc2 Bd7 15.Qc3 Rfe8
16.dxe5 Bxe5 17.Qxe5 Qxe5 18.Bxe5 Rxe5 19.Red1 Be8 20.Nb1 Bh5 21.Rd2 Ree8
22.a3 Red8 23.Raa2 Bd1 24.Rxd8+ Rxd8 25.Rd2 Rxd2 26.Nxd2 Kf7 27.h3 Ke6 28.g4 g6
29.gxf5+ Kxf5 30.b4 g5 31.c5 Be2 32.Nb3 Ke5 33.Na5 Ba6 34.Bf1 Kd5 35.Bxa6 bxa6
36.Kg2 Nd7 37.f3 Ne5 38.f4 gxf4 39.exf4 Ng6 40.Kg3 Ne7 41.Kf2 Ke6 42.Nc4 Kd5
43.Nd6 Kd4 44.f5 Ke5 45.f6 Kxf6 46.Nxe4+ Ke5  1/2-1/2